El consensus communitatis en la eficacia normativa de la costumbre
Salvato in:
| Autore principale: | |
|---|---|
| Natura: | Libro |
| Lingua: | spagnolo |
| Pubblicazione: |
Pamplona
Universidad de Navarra
1966
|
| Serie: | Canónica de la Universidad de Navarra
|
| Soggetti: | |
| Tags: |
Aggiungi Tag
Nessun Tag, puoi essere il primo ad aggiungerne!!
|
MARC
| LEADER | 00000nam a2200000 a 4500 | ||
|---|---|---|---|
| 001 | UCT7955 | ||
| 003 | CL-VaPUC | ||
| 008 | 970317e19660000SP |||||||||||||||||spa|d | ||
| 082 | 0 | 4 | |a 262.9 |b ARI |2 21 |
| 100 | 0 | |a Arias Gómez, Juan |e author |9 379323 | |
| 245 | 1 | 3 | |a El consensus communitatis en la eficacia normativa de la costumbre |
| 300 | |a 153 p | ||
| 942 | |c BK | ||
| 945 | |d 19970317 00:00:00 |a paguirre | ||
| 260 | |a Pamplona |b Universidad de Navarra |c 1966 | ||
| 650 | 7 | |a DERECHO CANONICO |2 CL-VaPUC |9 379324 | |
| 650 | 0 | |a Derecho consuetudinario |9 256602 | |
| 650 | 7 | |a COSTUMBRES |2 CL-VaPUC |9 337506 | |
| 650 | 7 | |a CONFORMIDAD SOCIAL |2 CL-VaPUC |9 337512 | |
| 583 | |a last modification |c 19970317 00:00:00 |k Rodrigo Vera | ||
| 490 | 0 | |a Canónica de la Universidad de Navarra | |
| 999 | |c 256500 |d 256498 | ||
| 952 | |0 0 |1 0 |4 0 |6 262_900000000000000_ARI_1966 |7 0 |8 A |9 279275 |a BIBDER |b BIBDER |d 2019-11-19 |i 181110K |o 262.9 ARI 1966 |p 181110K |r 2023-01-25 |w 2019-11-19 |y BK |k DER | ||